| 000 | 02425cam a22003374a 4500 | ||
|---|---|---|---|
| 001 | 4804629 | ||
| 003 | ARRUPE | ||
| 005 | 20150716142014.0 | ||
| 008 | 031107s2004 ctu b 001 0 eng | ||
| 010 | _a 2003067409 | ||
| 020 | _a0300103654 | ||
| 035 | _a(OCoLC)ocm53814333 | ||
| 035 | _a(NNC)4804629 | ||
| 040 |
_aDLC _cDLC _dYDX _dMNY _dOrLoB-B |
||
| 042 | _apcc | ||
| 050 | 0 | 0 |
_aU21.2 _b.W34497 2004 |
| 082 | 0 | 0 |
_a172/.42 _222 |
| 100 | 1 |
_aWalzer, Michael. _918219 |
|
| 245 | 1 | 0 |
_aArguing about war / _cMichael Walzer. |
| 260 |
_aNew Haven : _bYale University Press, _cc2004. |
||
| 300 |
_axv, 208 p. ; _c22 cm. |
||
| 504 | _aIncludes bibliographical references (p. 197-200) and index. | ||
| 505 | 0 | 0 |
_g1. _tThe triumph of just war theory (and the dangers of success) -- _g2. _tTwo kinds of military responsibility -- _g3. _tEmergency ethics -- _g4. _tTerrorism : a critique of excuses -- _g5. _tThe politics of rescue -- _g6. _tJustice and injustice in the Gulf War -- _g7. _tKosovo -- _g8. _tThe Intifada and the green line -- _g9. _tThe four wars of Israel/Palestine -- _g10. _tAfter 9/11 : five questions about terrorism -- _g11. _tFive on Iraq -- _g12. _tGoverning the globe. |
| 520 | 1 | _a"Michael Walzer is one of the world's most eminent philosophers on the subject of war and ethics. Now, for the first time since his classic Just and Unjust Wars was published almost three decades ago, this volume brings together his most provocative arguments about contemporary military conflicts and the ethical issues they raise." "The essays in the book are divided into three sections. The first deals with issues such as nuclear deterrence, humanitarian intervention, and terrorism. The second consists of Walzer's responses to particular wars, including the first Gulf War and the wars in Kosovo, Afghanistan, and Iraq. And in the third Walzer imagines a future in which war might play a less significant part in our lives. In his introduction to the book, Walzer explains that his thinking has changed over time." "Written during a period of intense debates over the proper use of armed force, this book gets to the heart of difficult problems and argues persuasively for a moral perspective on war."--BOOK JACKET. | |
| 650 | 0 |
_aWar. _96446 |
|
| 650 | 0 |
_aJust war doctrine. _92131 |
|
| 650 | 0 |
_aIntervention (International law) _918220 |
|
| 650 | 0 |
_aWorld politics _y1989- _932 |
|
| 900 | _bTOC | ||
| 942 |
_2lcc _cMONOGRAPH |
||
| 999 |
_c122944 _d122944 |
||